Bhagwat Gita Manzum Or Nasim-E-Irfan (Record no. 165)

MARC details
000 -LEADER
fixed length control field 00614nam a2200241 a 4500
020 ## - INTERNATIONAL STANDARD BOOK NUMBER
ISBN
082 00 - DEWEY DECIMAL CLASSIFICATION NUMBER
Classification number 891.41
Author Cutter MUN1
100 ## - MAIN ENTRY--AUTHOR NAME
Author name Munawwar, Lucknawo
245 ## - TITLE STATEMENT
Title Bhagwat Gita Manzum Or Nasim-E-Irfan
260 ## - PUBLICATION, DISTRIBUTION, ETC. (IMPRINT)
Place of publication Delhi
Name of publisher Adarsh Kitab Ghar
Year of publication 1955
300 ## - PHYSICAL DESCRIPTION
Number of Pages 258p
500 ## - GENERAL NOTE
General note includes index and biblioraphy
505 2# - FORMATTED CONTENTS NOTE
Formatted contents note bound volumes of periodicals
650 ## - SUBJECT ADDED ENTRY--TOPICAL TERM
Topical Term Religious Poetry-Hindu
942 ## - ADDED ENTRY ELEMENTS (KOHA)
Koha item type Books
700 1# -
-- Munawwar, Lucknawo
Holdings
Collection code Home library Current library Date acquired Cost, normal purchase price Full call number Accession Number Koha item type
  Henry Martyn Institute Library Henry Martyn Institute Library 06/20/2007 3.00 891.41 MUN1 02349 Books
                   Copyright © 2026 | Henry Martyn Institute | Hyderabad | TS-500052 | INDIA | Implemented by hmi.edu.in
Hit-Count:

Powered by Koha